| 000 | 01026nam a2200253 i 4500 | ||
|---|---|---|---|
| 001 | 169892 | ||
| 003 | ES-MaACL | ||
| 005 | 20250812062544.0 | ||
| 008 | 081216s1961 sp |||| | spa d | ||
| 017 | _aM 1.560-1961 | ||
| 080 | _a333.3(042) | ||
| 100 | 1 |
_aHöffner, Joseph. _963957 |
|
| 245 | 1 | 3 |
_aLa propiedad en la sociedad industrializada / _cJoseph Höffner. |
| 260 |
_aMadrid : _bAteneo, _c1961 ( _fBolaños y Aguilar) |
||
| 300 |
_a28 p., [2] h. ; _c19 cm. |
||
| 490 | 1 |
_aO crece o muere ; _v156 |
|
| 500 | _a"Este trabajo fue dado a conocer por el autor en la conferencia pronunciada el día 25 de agosto de 1960 en el "Curso sobre Pensamiento Social", organizado por el Ateneo de Madrid en la Universidad Internacional "Menéndez Pelayo", en Santander" | ||
| 650 | 0 | 4 |
_aPropiedad. _916476 |
| 710 | 2 |
_aUniversidad Internacional Menéndez Pelayo. _97384 |
|
| 710 | 2 |
_aAteneo de Madrid. _91875 |
|
| 830 | 0 | 0 |
_aColección "O crece o muere" _v156 _9183476 |
| 852 |
_aES-MaACL _j2244-F-3 |
||
| 999 |
_c169892 _d169892 |
||